[Event "Gibraltar Amateur op-A"]
[Site "Caleta"]
[Date "2019.01.23"]
[Round "3"]
[White "Tkadlecek, Petr"]
[Black "Ait Hammou Mohamed, Rayane"]
[Result "1-0"]
[WhiteElo "1719"]
[BlackElo "1514"]
[PlyCount "91"]
[EventDate "2019.01.21"]
[EventType "swiss"]
[EventRounds "5"]
[EventCountry "GGB"]
[SourceTitle "CBM 188 Extra"]
[Source "ChessBase"]
[SourceDate "2019.02.26"]
[SourceVersion "1"]
[SourceVersionDate "2019.02.26"]
[SourceQuality "1"]

1. d4 Nf6 2. Nf3 e6 3. Bf4 d5 4. e3 c5 5. c3 Nc6 6. Bd3 cxd4 7. exd4 Bd6 8. Bg5 h6 9. Bh4 0-0 10. Bc2 Be7 11. Qd3 Ne4 12. Bg3 f5 13. Ne5 Bf6 14. Qe2 Bxe5 15. Bxe5 Nxe5 16. dxe5 Qb6 17. Bb3 Bd7 18. Na3 Nc5 19. Qc2 Bb5 20. Nxb5 Qxb5 21. Qe2 Qxe2+ 22. Kxe2 f4 23. c4 Nxb3 24. axb3 Rf5 25. Kf3 Rxe5 26. Rhe1 Rxe1 27. Rxe1 Kf7 28. Kxf4 Kf6 29. h4 g5+ 30. hxg5+ hxg5+ 31. Kg4 d4 32. f4 Rg8 33. fxg5+ Rxg5+ 34. Kf3 Rf5+ 35. Kg3 e5 36. Re2 a5 37. Kh2 d3 38. Re3 d2 39. Rd3 Rf2 40. Kg3 e4 41. Rd6+ Ke5 42. Rd5+ Ke6 43. Kxf2 a4 44. Rxd2 Ke5 45. Ke3 Kf5 46. Rd5+ 1-0

[Event "Gibraltar Amateur op-A"]
[Site "Caleta"]
[Date "2019.01.22"]
[Round "2"]
[White "Gostelow, David W"]
[Black "Tkadlecek, Petr"]
[Result "1-0"]
[WhiteElo "1850"]
[BlackElo "1719"]
[PlyCount "119"]
[EventDate "2019.01.21"]
[EventType "swiss"]
[EventRounds "5"]
[EventCountry "GGB"]
[SourceTitle "CBM 188 Extra"]
[Source "ChessBase"]
[SourceDate "2019.02.26"]
[SourceVersion "1"]
[SourceVersionDate "2019.02.26"]
[SourceQuality "1"]

1. d4 Nf6 2. Bf4 d5 3. e3 c6 4. Nf3 Nh5 5. Bg5 h6 6. Bh4 Bf5 7. Ne5 Nf6 8. Nd2 e6 9. Be2 Be7 10. 0-0 0-0 11. Bg3 Nbd7 12. c4 Ne4 13. Nxe4 Bxe4 14. c5 Nxe5 15. Bxe5 Bf6 16. Bg3 Bg5 17. b4 a6 18. a4 Bh4 19. Bf4 Bg5 20. Be5 Bf6 21. Bf4 Bg5 22. Bd3 Bxf4 23. exf4 Bxd3 24. Qxd3 Qf6 25. Qe3 Qf5 26. Rfe1 Kh8 27. Qe5 Qxe5 28. Rxe5 g6 29. g4 Rg8 30. Kf1 a5 31. b5 cxb5 32. axb5 a4 33. Re3 Ra5 34. b6 Kg7 35. Ke2 Kf6 36. Rea3 Rga8 37. Kd2 h5 38. f3 Ke7 39. Kc3 Kd7 40. Kb4 Kc6 41. Rxa4 Rxa4+ 42. Rxa4 Rh8 43. Ra2 hxg4 44. fxg4 Rg8 45. h4 Rh8 46. Rh2 f6 47. h5 gxh5 48. Rxh5 Rg8 49. Rh7 Rc8 50. Re7 e5 51. fxe5 fxe5 52. dxe5 d4 53. Rc7+ Rxc7 54. bxc7 Kxc7 55. Kc4 d3 56. Kxd3 Kd7 57. Kd4 Ke7 58. Kd5 Kd7 59. g5 Ke7 60. e6 1-0

[Event "Gibraltar Amateur op-A"]
[Site "Caleta"]
[Date "2019.01.21"]
[Round "1"]
[White "Tkadlecek, Petr"]
[Black "Lassan, Szabolcs"]
[Result "1-0"]
[WhiteElo "1719"]
[BlackElo "1309"]
[PlyCount "115"]
[EventDate "2019.01.21"]
[EventType "swiss"]
[EventRounds "5"]
[EventCountry "GGB"]
[SourceTitle "CBM 188 Extra"]
[Source "ChessBase"]
[SourceDate "2019.02.26"]
[SourceVersion "1"]
[SourceVersionDate "2019.02.26"]
[SourceQuality "1"]

1. d4 d5 2. Nf3 Nf6 3. Bf4 Bf5 4. e3 e6 5. c3 c5 6. Bb5+ Nbd7 7. Ne5 a6 8. Bxd7+ Nxd7 9. Nd2 f6 10. Nxd7 Qxd7 11. Nf3 Qb5 12. Qb3 Bd3 13. Qxb5+ Bxb5 14. a4 Bc4 15. Nd2 Bd3 16. dxc5 e5 17. Bg3 Bxc5 18. Nb3 Rc8 19. Kd2 Bf5 20. Ke2 Bb6 21. Rac1 Ke7 22. h3 Be6 23. Nd2 Rc6 24. Nf3 Rhc8 25. Rhd1 g5 26. Rd2 g4 27. hxg4 Bxg4 28. Kf1 Bxf3 29. gxf3 d4 30. exd4 Bxd4 31. Rcd1 Bb6 32. Rd7+ Ke6 33. Rxh7 R6c7 34. Rh6 Rg8 35. f4 exf4 36. Bxf4 Rc6 37. Rh7 Rc4 38. Rd6+ Kf5 39. Bd2 Rc6 40. Rdd7 Re6 41. Rxb7 Rge8 42. Rh5+ Ke4 43. Rd7 Kf3 44. Rf5+ Ke4 45. Rf4+ Ke5 46. Rf3 Bc5 47. Rdd3 f5 48. Be3 Rc8 49. Bxc5 Rxc5 50. Rfe3+ Kf6 51. Rxe6+ Kxe6 52. Ke2 a5 53. Kd2 f4 54. Rd4 Ke5 55. Kd3 Kf5 56. f3 Ke5 57. Re4+ Kd6 58. Rxf4 1-0

[Event "Wch Seniors 50 26th"]
[Site "Marianske Lazne"]
[Date "2016.11.27"]
[Round "8"]
[White "Spacek, Libor"]
[Black "Tkadlecek, Petr"]
[Result "1/2-1/2"]
[WhiteElo "2112"]
[BlackElo "1733"]
[PlyCount "26"]
[EventDate "2016.11.19"]
[EventType "swiss"]
[EventRounds "11"]
[EventCountry "CZE"]
[SourceTitle "CBM 175 Extra"]
[Source "ChessBase"]
[SourceDate "2016.12.12"]
[SourceVersion "1"]
[SourceVersionDate "2016.12.12"]
[SourceQuality "1"]

1. d4 e5 2. dxe5 Nc6 3. Nf3 Qe7 4. Nc3 Nxe5 5. Nxe5 Qxe5 6. Qd5 Bd6 7. Qxe5+ Bxe5 8. Bd2 Nf6 9. 0-0-0 0-0 10. g3 c6 11. Bg2 d5 12. a3 a5 13. Rhe1 Bf5 1/2-1/2

[Event "Wch Seniors 50 26th"]
[Site "Marianske Lazne"]
[Date "2016.11.26"]
[Round "7"]
[White "Tkadlecek, Petr"]
[Black "Koblasa, Josef"]
[Result "0-1"]
[WhiteElo "1733"]
[BlackElo "1896"]
[PlyCount "126"]
[EventDate "2016.11.19"]
[EventType "swiss"]
[EventRounds "11"]
[EventCountry "CZE"]
[SourceTitle "CBM 175 Extra"]
[Source "ChessBase"]
[SourceDate "2016.12.12"]
[SourceVersion "1"]
[SourceVersionDate "2016.12.12"]
[SourceQuality "1"]

1. d4 Nf6 2. Nf3 g6 3. Bg5 Bg7 4. e3 d6 5. Bd3 Nbd7 6. Nc3 c5 7. d5 Qa5 8. 0-0 Nb6 9. Bb5+ Nfd7 10. Qd3 a6 11. Qe4 f6 12. Bxd7+ Bxd7 13. Bh4 Bf5 14. Qf4 Bxc2 15. Rac1 Bf5 16. g4 Bd7 17. Qe4 Qb4 18. Rfd1 Bxg4 19. Kg2 Qxe4 20. Nxe4 0-0 21. b3 Nd7 22. h3 Bh5 23. Rd2 g5 24. Bg3 Bg6 25. Nc3 h6 26. Kf1 Bh5 27. Kg2 b5 28. Nh2 b4 29. Nd1 Bg6 30. f3 Nb6 31. Nf2 f5 32. f4 Bf7 33. Rcd1 c4 34. Nf3 Bc3 35. Re2 cxb3 36. axb3 Bxd5 37. Rxd5 Nxd5 38. fxg5 hxg5 39. Nxg5 a5 40. Nd3 a4 41. bxa4 Rxa4 42. Ne6 Rf6 43. Nd4 e5 44. Nb3 Ra3 45. Ndc1 f4 46. exf4 Nxf4+ 47. Bxf4 Rxf4 48. Kg3 Ra7 49. Nd3 Rg7+ 50. Kh2 Rf3 51. Nf2 e4 52. Ng4 d5 53. Nc5 Rh7 54. Rg2 Rhxh3+ 55. Kg1 Kh8 56. Ne6 Rhg3 57. Nf2 e3 58. Nh1 Rxg2+ 59. Kxg2 Rf6 60. Ng5 Rg6 61. Kf3 Rxg5 62. Kxe3 d4+ 63. Ke2 b3 0-1

[Event "Wch Seniors 50 26th"]
[Site "Marianske Lazne"]
[Date "2016.11.23"]
[Round "5"]
[White "Tkadlecek, Petr"]
[Black "Randak, Pavel"]
[Result "0-1"]
[WhiteElo "1733"]
[BlackElo "1826"]
[PlyCount "84"]
[EventDate "2016.11.19"]
[EventType "swiss"]
[EventRounds "11"]
[EventCountry "CZE"]
[SourceTitle "CBM 175 Extra"]
[Source "ChessBase"]
[SourceDate "2016.12.12"]
[SourceVersion "1"]
[SourceVersionDate "2016.12.12"]
[SourceQuality "1"]

1. d4 Nf6 2. Nf3 g6 3. Bg5 Bg7 4. e3 c5 5. c3 cxd4 6. exd4 0-0 7. h4 d5 8. Be2 Nbd7 9. Ne5 Nxe5 10. dxe5 Ne4 11. Bf4 Qb6 12. Be3 Qxb2 13. Nd2 Nxc3 14. Qc1 Qxc1+ 15. Rxc1 Nxe2 16. Kxe2 Bxe5 17. h5 b6 18. Bg5 Ba6+ 19. Ke1 f6 20. Bh6 Rfc8 21. Rd1 g5 22. g3 Rc2 23. f4 Bd6 24. Kf2 Bb4 25. Ke1 Rac8 26. fxg5 Rxd2 27. Rxd2 Rc1+ 28. Kf2 Bxd2 29. Rh4 Bxg5 30. Bxg5 fxg5 31. Rd4 Bc4 32. h6 Kf7 33. Rd2 Ra1 34. Ke3 Rxa2 35. Rd1 e5 36. Rh1 Re2+ 37. Kf3 Kg6 38. Ra1 Ra2 39. Re1 e4+ 40. Kg4 Rf2 41. Ra1 Be2+ 42. Kh3 g4+ 0-1

[Event "Piestany op"]
[Site "Piestany"]
[Date "2013.11.18"]
[Round "1"]
[White "Tkadlecek, Petr"]
[Black "Frink, Ferenc"]
[Result "1/2-1/2"]
[WhiteElo "1745"]
[BlackElo "2096"]
[PlyCount "121"]
[EventDate "2013.11.18"]
[EventType "swiss"]
[EventRounds "7"]
[EventCountry "SVK"]
[SourceTitle "CBM 157 Extra"]
[Source "ChessBase"]
[SourceDate "2013.12.19"]
[SourceVersion "1"]
[SourceVersionDate "2013.12.19"]
[SourceQuality "1"]

1. d4 Nf6 2. Nf3 g6 3. Bf4 Bg7 4. e3 d6 5. Bb5+ Bd7 6. Qd3 0-0 7. Bxd7 Nbxd7 8. 0-0 c5 9. c3 Rc8 10. Nbd2 Re8 11. e4 Qb6 12. Nc4 Qa6 13. d5 Nb6 14. Nfd2 e5 15. Bg5 Nxc4 16. Nxc4 Nd7 17. b3 b5 18. Ne3 h5 19. Nc2 Qb7 20. c4 bxc4 21. bxc4 Nb6 22. Qb3 Qd7 23. h3 Rb8 24. Qd3 f5 25. f3 Rb7 26. Rab1 Kh7 27. Rb3 Bh6 28. Bxh6 Kxh6 29. Rfb1 f4 30. Na3 Reb8 31. R1b2 Nc8 32. Rxb7 Rxb7 33. Rxb7 Qxb7 34. Qb3 Qxb3 35. axb3 a6 36. Kf2 Kg5 37. Kg1 Kh4 38. Kf2 g5 39. Nb1 g4 40. hxg4 hxg4 41. Nd2 g3+ 42. Kf1 Kg5 43. Nb1 Kf6 44. Na3 Ke7 45. Nc2 Kd7 46. Ke2 Kc7 47. Kd3 Kb6 48. Kc3 Ne7 49. Kb2 Ng8 50. Ka3 Nf6 51. Ne1 Nh7 52. Ka4 Ng5 53. Ka3 Nf7 54. Ka4 Nh6 55. Ka3 Ng8 56. Ka4 Nf6 57. Ka3 Ne8 58. Ka4 Nc7 59. Ka3 a5 60. Kb2 Na6 61. Kc3 1/2-1/2

[Event "Piestany op"]
[Site "Piestany"]
[Date "2012.11.16"]
[Round "5"]
[White "Tkadlecek, Petr"]
[Black "Goga, Frantisek"]
[Result "0-1"]
[WhiteElo "1752"]
[BlackElo "1953"]
[PlyCount "90"]
[EventDate "2012.11.12"]
[EventType "swiss"]
[EventRounds "8"]
[EventCountry "SVK"]
[SourceTitle "EXT 2023"]
[Source "ChessBase"]
[SourceDate "2022.10.05"]
[SourceVersion "1"]
[SourceVersionDate "2022.10.05"]
[SourceQuality "1"]

1. d4 Nf6 2. Nf3 g6 3. Bf4 Bg7 4. e3 0-0 5. Bd3 d6 6. c3 Nbd7 7. Bc2 b6 8. e4 Ba6 9. Bd3 Bb7 10. 0-0 Nh5 11. Be3 Nhf6 12. Qc2 Ng4 13. Bd2 c5 14. h3 Ngf6 15. d5 Qc7 16. c4 e5 17. Nc3 a6 18. Qc1 Rfe8 19. Bh6 Nf8 20. Nh2 Bc8 21. Qg5 Nh5 22. Bxg7 Kxg7 23. Ng4 Bxg4 24. hxg4 Nf4 25. Bc2 h6 26. Qh4 g5 27. Qh2 Qd7 28. f3 Reb8 29. Kf2 Qe7 30. Rh1 Qf6 31. g3 Nd7 32. gxf4 exf4 33. Rad1 b5 34. cxb5 axb5 35. a3 Rh8 36. Ke1 Ne5 37. Qe2 Nc4 38. Kf2 Nxb2 39. Nxb5 Nxd1+ 40. Rxd1 h5 41. Qc4 hxg4 42. Rg1 Rh2+ 43. Rg2 g3+ 44. Kg1 Qa1+ 45. Qf1 Rh1+ 0-1

[Event "Piestany op"]
[Site "Piestany"]
[Date "2012.11.13"]
[Round "2"]
[White "Vrbova, Niki"]
[Black "Tkadlecek, Petr"]
[Result "1-0"]
[WhiteElo "2200"]
[BlackElo "1752"]
[PlyCount "115"]
[EventDate "2012.11.12"]
[EventType "swiss"]
[EventRounds "8"]
[EventCountry "SVK"]
[SourceTitle "EXT 2023"]
[Source "ChessBase"]
[SourceDate "2022.10.05"]
[SourceVersion "1"]
[SourceVersionDate "2022.10.05"]
[SourceQuality "1"]

1. e4 d5 2. exd5 Qxd5 3. Nc3 Qa5 4. d4 c6 5. Nf3 Nf6 6. Be2 Ne4 7. 0-0 Nxc3 8. bxc3 Bg4 9. h3 Bh5 10. Rb1 Qc7 11. Ne5 Bxe2 12. Qxe2 Nd7 13. Nc4 e6 14. Qf3 Nb6 15. Bf4 Qd8 16. Ne5 Qd5 17. Qd3 f6 18. c4 Qd8 19. Ng4 Qd7 20. c5 Nd5 21. Bh2 b5 22. Rfe1 Kf7 23. Qf3 Kg8 24. Ne3 Kf7 25. Rb3 g6 26. c4 Nxe3 27. Rbxe3 Re8 28. cxb5 cxb5 29. d5 e5 30. Bxe5 Rxe5 31. Rxe5 Bxc5 32. d6 Bxd6 33. Qd5+ Kg7 34. Re7+ Qxe7 35. Rxe7+ Bxe7 36. Qxb5 Kh6 37. Qa5 Rc8 38. Qxa7 Rc1+ 39. Kh2 Bd6+ 40. g3 Bc5 41. Qa4 Bd6 42. Qd4 Rc6 43. a4 Be5 44. Qd2+ g5 45. h4 Rd6 46. Qe3 Re6 47. hxg5+ fxg5 48. f4 gxf4 49. gxf4 Bxf4+ 50. Qxf4+ Kg6 51. a5 Re2+ 52. Kg3 Ra2 53. Qe4+ Kf6 54. Qc6+ Ke5 55. Qb5+ Kd6 56. a6 Ra3+ 57. Kf4 Ra2 58. Qe5+ 1-0

[Event "SVK-ch Seniors-B"]
[Site "Tatranske Matliare"]
[Date "2011.05.??"]
[Round "5"]
[White "Tkadlecek, Petr"]
[Black "Petras, Milan"]
[Result "0-1"]
[WhiteElo "1724"]
[BlackElo "2039"]
[PlyCount "96"]
[EventDate "2011.05.27"]
[EventType "swiss"]
[EventRounds "9"]
[EventCountry "SVK"]
[SourceTitle "EXT 2023"]
[Source "ChessBase"]
[SourceDate "2022.10.05"]
[SourceVersion "1"]
[SourceVersionDate "2022.10.05"]
[SourceQuality "1"]

1. d4 Nf6 2. Nf3 c5 3. Bf4 Qb6 4. b3 d6 5. d5 g6 6. Bc1 Bg7 7. Bb2 0-0 8. e3 Qa5+ 9. Bc3 Qc7 10. Be2 Nbd7 11. Bb2 b5 12. Bf1 c4 13. b4 a5 14. bxa5 Qc5 15. Nc3 b4 16. Nb1 c3 17. Bc1 Nxd5 18. Nd4 Bxd4 19. exd4 Qc6 20. Qf3 e5 21. Bd3 N7f6 22. dxe5 dxe5 23. 0-0 Bg4 24. Qg3 Rfe8 25. f3 Bd7 26. Re1 Nh5 27. Qh4 Qc5+ 28. Kh1 Rxa5 29. Re4 Bb5 30. Bc4 Nhf6 31. Bxb5 Qxb5 32. Re1 Qc6 33. Bh6 Qe6 34. Qc4 Qf5 35. Qe2 Raa8 36. g3 e4 37. f4 Qg4 38. Bg5 Qf3+ 39. Kg1 Ng4 40. Bh4 h6 41. h3 Nge3 42. Qh2 Ra6 43. a3 Nf5 44. Rf1 Qe3+ 45. Qf2 Nxh4 46. gxh4 Qxh3 47. f5 e3 48. Qe2 Re4 0-1

[Event "Valasska Bystrice op"]
[Site "Valasska Bystrice"]
[Date "2009.09.12"]
[Round "1"]
[White "Tkadlecek, Petr"]
[Black "Obsivac, Josef"]
[Result "0-1"]
[WhiteElo "1681"]
[BlackElo "2287"]
[PlyCount "98"]
[EventDate "2009.09.12"]
[EventType "swiss"]
[EventRounds "9"]
[EventCountry "CZE"]
[SourceTitle "CBM 132 Extra"]
[Source "ChessBase"]
[SourceDate "2009.11.03"]
[SourceVersion "1"]
[SourceVersionDate "2009.11.03"]
[SourceQuality "1"]

1. d4 Nf6 2. Nf3 b5 3. c3 e6 4. Bf4 c5 5. e3 a6 6. Bd3 Bb7 7. 0-0 d5 8. Ne5 Nbd7 9. Nxd7 Qxd7 10. Nd2 Ne4 11. f3 Nf6 12. Bg5 Be7 13. Bc2 Rc8 14. Rc1 0-0 15. Nb3 c4 16. Nd2 Qc7 17. Bb1 e5 18. Bf5 Rcd8 19. f4 exd4 20. Bxf6 Bxf6 21. exd4 Rfe8 22. g3 Bc8 23. Bb1 Re3 24. Nf3 Bg4 25. Rf2 g6 26. Qf1 Bxf3 27. Rxf3 Qe7 28. f5 Bg5 29. Rd1 Re8 30. fxg6 hxg6 31. Rf2 a5 32. a3 Kg7 33. Kg2 f5 34. h4 Bf6 35. Qh1 Qd6 36. Qh2 b4 37. axb4 axb4 38. h5 Rh8 39. g4 Qxh2+ 40. Kxh2 bxc3 41. Kg2 Bh4 42. Rc2 Rg3+ 43. Kf1 Rxg4 44. hxg6 Bg5 45. Rf2 Rh1+ 46. Ke2 Rxd1 47. Kxd1 Rg1+ 48. Ke2 Rxb1 49. Rxf5 c2 0-1